Statistiques concernant Prénoms féminins les plus populaires par C

Cliquez ici pour prendre le quiz!

Statistiques générales

  • Ce quiz a été pris 433 fois
  • Le résultat moyen est 15 sur 23

Statistiques - réponses

Hint Answer % Correct
4èmeCéline
86%
12èmeCamille
82%
14èmeCharlotte
81%
2èmeChristine
80%
13èmeCaroline
79%
1erCatherine
77%
6èmeCécile
77%
16èmeChloé
73%
8èmeCorinne
72%
3èmeChristiane
71%
15èmeCarole
67%
20èmeClara
67%
10èmeChristelle
67%
11èmeClaire
67%
18èmeClémence
59%
19èmeClaude
59%
23èmeCarine
58%
9èmeClaudine
57%
21èmeCoralie
54%
5èmeChantal
53%
7èmeColette
50%
17èmeCindy
34%
22èmeClaudette
33%

Distribution des résultats

Percentile par nombre de réponses

% des personnes avec chaque résultat

Votre développement - résultats

Vous n’avez pas pris ce quiz